Use of English: First certificate skills

Gorde:
Xehetasun bibliografikoak
Formatua: Liburua
Argitaratua: 2004
Etiketak: Etiketa erantsi
Etiketarik gabe, Izan zaitez lehena erregistro honi etiketa jartzen!
Thư viện lưu trữ: Mạng thư viện Đại học Đà Nẵng
LEADER 00449nam a22001811a 4500
001 000038165
003 14460
005 20160412021232.0
008 160412s2004 000
082 |a 4A(07)1763 
245 |a Use of English: First certificate skills  |c Mark Harrison 
260 |c 2004 
OWN |a LNN 
999 |a From the UDN01 
TYP |a Monograph 
980 |a Mạng thư viện Đại học Đà Nẵng